Bolivia, the evolution of a multi-ethnic society /

Bibliographic Details
Main Author: Klein, Herbert S.
Format: Book
Language:English
Published: New York : Oxford University Press, 1982.
Series:Latin American histories.
Subjects:

MARC

Tag First Indicator Second Indicator Subfields
LEADER 00000pam a2200000 a 4500
001 in00000087461
005 20151008064807.0
008 810601s1982 nyub b 00110 eng
010 |a  81009659  
020 |a 0195030117 :  |c $19.95 
020 |a 0195030125 (pbk.) :  |c $5.95 
035 |a (OCoLC)07577604 
035 |9 AAK4815AM 
039 0 |a 2  |b 3  |c 3  |d 3  |e 3 
040 |a DLC  |c DLC  |d TXA  |d UtOrBLW 
043 |a s-bo--- 
049 |a TXAM  |c [1272349] 
050 0 0 |a F3321  |b .K54 1982 
082 0 |a 984  |2 19 
100 1 |a Klein, Herbert S. 
245 1 0 |a Bolivia, the evolution of a multi-ethnic society /  |c Herbert S. Klein. 
264 1 |a New York :  |b Oxford University Press,  |c 1982. 
300 |a xi, 318 pages :  |b maps ;  |c 21 cm. 
336 |a text  |b txt  |2 rdacontent 
337 |a unmediated  |b n  |2 rdamedia 
338 |a volume  |b nc  |2 rdacarrier 
490 1 |a Latin American histories 
500 |a Includes index. 
504 |a Bibliographical essay: pages 275-293. 
651 0 |a Bolivia  |x History. 
830 0 |a Latin American histories. 
999 |a MARS 
999 f f |s f5feee61-a31f-3db8-bafd-e02ffd043979  |i 6239f84a-9c21-3093-a43c-bd7a11ef28d1  |t 0 
952 f f |p ric  |a Texas A&M University  |b Rellis Campus  |c Joint Library Facility  |d Remote Storage  |t 0  |e F3321 .K54 1982  |h Library of Congress classification  |i unmediated -- volume  |m A14806112470 
998 f f |a F3321 .K54 1982  |t 0  |l Remote Storage